25 lieux situés en France - Statistiques

Statistiques générales
  • Ce quiz a été pris 58 fois
    25 depuis la dernière actualisation
  • Le résultat moyen est 10 sur 25
Statistiques - réponses
Par images Réponse % Correct
Mont Saint Michel
100%
Tour Eiffel
91%
Arc de triomphe
82%
Musée du Louvre
82%
Notre Dame de Paris
77%
Le pont du Gard
68%
Le Panthéon
55%
Musée d'Orsay
55%
Le château de Versailles
50%
Château de Chambord
41%
Arènes de Nîmes
36%
Château de Chenonceau
36%
Place de la Concorde
36%
Sainte Chapelle
27%
Cannes
18%
Palais des papes
18%
Château de Fontainebleau
14%
Hôtel des Invalides
14%
Les machines de l'île
14%
Piton de la fournaise
14%
Basilique de Saint Denis
9%
Théâtre antique d'Orange
9%
Argenteuil
5%
Basilique du Sacré-Cœur de Montmartre
5%
Plages du Prado
5%
Aucun quiz correspondant
Distribution des résultats
% des personnes avec chaque résultat
Percentile par nombre de réponses
Votre historique - résultats
Vous n’avez pas pris ce quiz depuis la dernière actualisation